000 00561nam a22001817a 4500
005 20251108164708.0
008 250721s1994 xx 000 0 ara d
082 1 4 _a812.90962/عصا
100 1 _aأبو العلا، عصام الدين
245 1 0 _aالمسرحية العربية :
_bالحقيقة التاريخية و الزيف الفني /
264 1 _aالقاهرة :
_c1994.
300 _a137ص
650 1 7 _aالمسرحيات العربية
650 1 7 _aالنقد الأدبي
650 1 7 _aمصر
942 _2ddc
_cBK
999 _c12044
_d12044